[Event "AUT 2nd BL Mitte 2021-22"]
[Site "Austria"]
[Date "2022.03.27"]
[Round "9.18"]
[White "Ennsberger, Ulrich"]
[Black "Steiner, Stefan"]
[Result "1-0"]
[WhiteElo "2265"]
[BlackElo "2264"]
[Annotator "ChessBase"]
[PlyCount "55"]
[EventDate "2021.10.21"]
[EventType "team-tourn"]
[EventCountry "AUT"]
[SourceTitle "playchess.com"]
[Source "ChessBase"]
[SourceQuality "1"]
[TimeControl "40/5400+30:1800+30"]

1. Nf3 {[%emt 0:00:24]} Nf6 {[%emt 0:00:09]} 2. c4 {[%emt 0:00:12]} c5 {[%emt 0:00:05]} 3. e3 {[%emt 0:00:24]} e6 {[%emt 0:00:50]} 4. d4 {[%emt 0:00:09]} d5 {[%emt 0:01:22]} 5. Nc3 {[%emt 0:00:14]} Nc6 {[%emt 0:00:27]} 6. a3 {[%emt 0:01:17]} a6 {[%emt 0:11:17]} 7. cxd5 {[%emt 0:23:50]} exd5 {[%emt 0:04:45]} 8. Be2 {[%emt 0:01:35]} Be7 {[%emt 0:02:09]} 9. O-O {[%emt 0:01:34]} O-O {[%emt 0:00:07]} 10. dxc5 {[%emt 0:03:19]} Bxc5 {[%emt 0:00:08]} 11. b4 {[%emt 0:00:10]} Ba7 {[%emt 0:02:17]} 12. Bb2 {[%emt 0:00:14]} Be6 {[%emt 0:07:02]} 13. Na4 {[%emt 0:02:10]} Ne4 {[%emt 0:14:26]} 14. Nd4 {[%emt 0:00:32]} Rc8 {[%emt 0:03:43]} 15. Nxc6 {[%emt 0:08:09]} Rxc6 {[%emt 0:00:56]} 16. b5 {[%emt 0:03:40]} axb5 {[%emt 0:00:58]} 17. Bxb5 {[%emt 0:00:08]} Rc8 {[%emt 0:04:34]} 18. Bd4 {[%emt 0:00:40]} Bb8 {[%emt 0:01:03]} 19. Qe2 {[%emt 0:09:30]} Qh4 {[%emt 0:17:35]} 20. f4 {[%emt 0:01:17]} Nd6 {[%emt 0:09:55]} 21. Bd3 {[%emt 0:02:05]} Bf5 {[%emt 0:02:37]} 22. Nb6 {[%emt 0:00:40]} Rc6 {[%emt 0:03:31]} 23. Nxd5 {[%emt 0:01:08]} Re8 {[%emt 0:04:10]} 24. Rac1 {[%emt 0:04:23]} Bxd3 {[%emt 0:01:23]} 25. Qxd3 {[%emt 0:00:14]} Qh5 {[%emt 0:00:44]} 26. Rxc6 {[%emt 0:08:17]} bxc6 {[%emt 0:00:00]} 27. Nc3 {[%emt 0:00:15]} Nf5 {[%emt 0:01:16]} 28. Bb6 {[%emt 0:01:39]} 1-0

[Event "AUT 2nd BL Mitte 2021-22"]
[Site "Austria"]
[Date "2022.03.27"]
[Round "9.19"]
[White "Gschnitzer, Adrian"]
[Black "Nemeth, Miklos"]
[Result "1/2-1/2"]
[WhiteElo "2414"]
[BlackElo "2449"]
[Annotator "ChessBase"]
[PlyCount "32"]
[EventDate "2021.10.21"]
[EventType "team-tourn"]
[EventCountry "AUT"]
[SourceTitle "playchess.com"]
[Source "ChessBase"]
[SourceQuality "1"]
[TimeControl "40/5400+30:1800+30"]

1. e4 {[%emt 0:00:06]} e5 {[%emt 0:00:06]} 2. Nf3 {[%emt 0:00:11]} Nc6 {[%emt 0:00:06]} 3. Bb5 {[%emt 0:00:32]} Nf6 {[%emt 0:00:30]} 4. O-O {[%emt 0:04:54]} Nxe4 {[%emt 0:01:54]} 5. d4 {[%emt 0:04:20]} Nd6 {[%emt 0:02:20]} 6. dxe5 {[%emt 0:04:58]} Nxb5 {[%emt 0:00:24]} 7. a4 {[%emt 0:00:19]} Nbd4 {[%emt 0:03:22]} 8. Nxd4 {[%emt 0:01:22]} Nxd4 {[%emt 0:00:10]} 9. Qxd4 {[%emt 0:00:10]} d5 {[%emt 0:02:58]} 10. exd6 {[%emt 0:04:46]} Qxd6 {[%emt 0:01:01]} 11. Qe4+ {[%emt 0:01:32]} Qe6 {[%emt 0:01:45]} 12. Qd4 {[%emt 0:03:28]} Qd6 {[%emt 0:02:44]} 13. Qe4+ {[%emt 0:00:24]} Qe6 {[%emt 0:00:16]} 14. Qd4 {[%emt 0:00:55]} Qd6 {[%emt 0:00:35]} 15. Qe4+ {[%emt 0:00:11]} Qe6 {[%emt 0:00:13]} 16. Qd4 Qd6 {[%emt 0:00:30]} 1/2-1/2

[Event "AUT 2nd BL Mitte 2021-22"]
[Site "Austria"]
[Date "2022.03.27"]
[Round "9.20"]
[White "Kovacs, Gabor"]
[Black "Csonka, Attila Istvan"]
[Result "1/2-1/2"]
[WhiteElo "2448"]
[BlackElo "2334"]
[Annotator "ChessBase"]
[PlyCount "40"]
[EventDate "2021.10.21"]
[EventType "team-tourn"]
[EventCountry "AUT"]
[SourceTitle "playchess.com"]
[Source "ChessBase"]
[SourceQuality "1"]
[TimeControl "40/5400+30:1800+30"]

1. e4 {[%emt 0:00:04]} c5 {[%emt 0:00:08]} 2. Nf3 {[%emt 0:00:02]} Nc6 {[%emt 0:00:08]} 3. d4 {[%emt 0:00:03]} cxd4 {[%emt 0:00:07]} 4. Nxd4 {[%emt 0:00:04]} Nf6 {[%emt 0:00:07]} 5. Nc3 {[%emt 0:00:04]} e5 {[%emt 0:00:07]} 6. Ndb5 {[%emt 0:00:04]} d6 {[%emt 0:00:06]} 7. Bg5 {[%emt 0:00:04]} a6 {[%emt 0:00:06]} 8. Na3 {[%emt 0:00:03]} b5 {[%emt 0:00:06]} 9. Nd5 {[%emt 0:00:03]} Qa5+ {[%emt 0:00:06]} 10. Bd2 {[%emt 0:00:03]} Qd8 {[%emt 0:00:05]} 11. Bg5 {[%emt 0:00:04]} Qa5+ {[%emt 0:00:07]} 12. Bd2 {[%emt 0:00:03]} Qd8 {[%emt 0:00:05]} 13. Bg5 {[%emt 0:00:18]} Qa5+ {[%emt 0:00:12]} 14. Bd2 {[%emt 0:00:02]} Qd8 {[%emt 0:00:08]} 15. Bg5 {[%emt 0:00:02]} Qa5+ {[%emt 0:00:10]} 16. Bd2 {[%emt 0:00:02]} Qd8 {[%emt 0:00:07]} 17. Bg5 {[%emt 0:00:02]} Qa5+ {[%emt 0:00:09]} 18. Bd2 {[%emt 0:00:02]} Qd8 {[%emt 0:00:08]} 19. Bg5 {[%emt 0:00:01]} Qa5+ {[%emt 0:00:09]} 20. Bd2 {[%emt 0:00:02]} Qd8 {[%emt 0:00:08]} 1/2-1/2

[Event "AUT 2nd BL Mitte 2021-22"]
[Site "Austria"]
[Date "2022.03.27"]
[Round "9.21"]
[White "Kiss, Attila"]
[Black "Gelbenegger, Patrick"]
[Result "0-1"]
[WhiteElo "2305"]
[BlackElo "2248"]
[Annotator "ChessBase"]
[PlyCount "46"]
[EventDate "2021.10.21"]
[EventType "team-tourn"]
[EventCountry "AUT"]
[SourceTitle "playchess.com"]
[Source "ChessBase"]
[SourceQuality "1"]
[TimeControl "40/5400+30:1800+30"]

1. d4 {[%emt 0:00:21]} d5 {[%emt 0:00:08]} 2. c4 {[%emt 0:00:11]} e6 {[%emt 0:00:08]} 3. Nf3 {[%emt 0:00:13]} Nf6 {[%emt 0:00:17]} 4. g3 {[%emt 0:00:13]} Bb4+ {[%emt 0:05:37]} 5. Bd2 {[%emt 0:00:11]} Be7 {[%emt 0:00:09]} 6. Qc2 {[%emt 0:00:51]} Nbd7 {[%emt 0:03:55]} 7. Bg2 {[%emt 0:00:15]} O-O {[%emt 0:02:13]} 8. O-O {[%emt 0:00:27]} b6 {[%emt 0:05:39]} 9. cxd5 {[%emt 0:03:06]} Nxd5 {[%emt 0:03:57]} 10. Nc3 {[%emt 0:06:23]} Bb7 {[%emt 0:03:01]} 11. Nxd5 {[%emt 0:03:00]} Bxd5 {[%emt 0:05:04]} 12. e4 {[%emt 0:06:46]} Bb7 {[%emt 0:01:00]} 13. Bf4 {[%emt 0:27:36]} Bd6 {[%emt 0:10:59]} 14. e5 {[%emt 0:04:09]} Be7 {[%emt 0:00:13]} 15. Ng5 {[%emt 0:03:58]} Bxg5 {[%emt 0:10:19]} 16. Bxb7 {[%emt 0:04:25]} Bxf4 {[%emt 0:03:51]} 17. Bxa8 {[%emt 0:02:21]} Qxa8 {[%emt 0:00:08]} 18. Qxc7 {[%emt 0:11:50]} Rd8 {[%emt 0:00:30]} 19. gxf4 {[%emt 0:00:07]} Nf8 {[%emt 0:00:14]} 20. Rac1 {[%emt 0:03:36]} Rxd4 {[%emt 0:07:43]} 21. Rfd1 {[%emt 0:03:07]} Rxf4 {[%emt 0:00:14]} 22. Rc3 {[%emt 0:06:18]} Qe4 {[%emt 0:01:01]} 23. Rd8 {[%emt 0:01:47]} Qe1+ {[%emt 0:00:35]} 0-1

[Event "AUT 2nd BL Mitte 2021-22"]
[Site "Austria"]
[Date "2022.03.27"]
[Round "9.22"]
[White "Enoeckl, Philipp"]
[Black "Schernthaner, David"]
[Result "1/2-1/2"]
[WhiteElo "2302"]
[BlackElo "2213"]
[Annotator "ChessBase"]
[PlyCount "36"]
[EventDate "2021.10.21"]
[EventType "team-tourn"]
[EventCountry "AUT"]
[SourceTitle "playchess.com"]
[Source "ChessBase"]
[SourceQuality "1"]
[TimeControl "40/5400+30:1800+30"]

1. d4 {[%emt 0:00:03]} Nf6 {[%emt 0:00:04]} 2. Nc3 {[%emt 0:00:05]} d5 {[%emt 0:00:04]} 3. Bf4 {[%emt 0:00:03]} a6 {[%emt 0:01:05]} 4. e3 {[%emt 0:02:45]} c5 {[%emt 0:11:08]} 5. dxc5 {[%emt 0:03:09]} Nc6 {[%emt 0:08:27]} 6. Nf3 {[%emt 0:02:36]} Bg4 {[%emt 0:07:04]} 7. h3 {[%emt 0:02:23]} Bxf3 {[%emt 0:01:18]} 8. Qxf3 {[%emt 0:04:04]} e6 {[%emt 0:00:11]} 9. O-O-O {[%emt 0:05:05]} Qa5 {[%emt 0:08:47]} 10. g4 {[%emt 0:37:48]} Bxc5 {[%emt 0:12:51]} 11. g5 {[%emt 0:01:51]} Nd7 {[%emt 0:04:07]} 12. Kb1 {[%emt 0:03:50]} Nb6 {[%emt 0:06:09]} 13. Bc7 {[%emt 0:06:33]} Rc8 {[%emt 0:02:59]} 14. Qg3 {[%emt 0:02:00]} Be7 {[%emt 0:10:06]} 15. h4 {[%emt 0:02:25]} Bd8 {[%emt 0:00:26]} 16. Bd6 {[%emt 0:04:57]} Be7 {[%emt 0:01:04]} 17. Bc7 {[%emt 0:03:37]} Bd8 {[%emt 0:00:39]} 18. Bd6 {[%emt 0:00:05]} Be7 {[%emt 0:00:11]} 1/2-1/2

[Event "AUT 2nd BL Mitte 2021-22"]
[Site "Austria"]
[Date "2022.03.27"]
[Round "9.23"]
[White "Marakovits, Nico"]
[Black "Meyer, Gordon"]
[Result "1-0"]
[WhiteElo "2249"]
[BlackElo "2208"]
[Annotator "ChessBase"]
[PlyCount "113"]
[EventDate "2021.10.21"]
[EventType "team-tourn"]
[EventCountry "AUT"]
[SourceTitle "playchess.com"]
[Source "ChessBase"]
[SourceQuality "1"]
[TimeControl "40/5400+30:1800+30"]

1. d4 {[%emt 0:00:06]} Nf6 {[%emt 0:00:11]} 2. c4 {[%emt 0:00:07]} g6 {[%emt 0:00:15]} 3. Nc3 {[%emt 0:00:18]} Bg7 {[%emt 0:00:15]} 4. e4 {[%emt 0:00:05]} d6 {[%emt 0:00:05]} 5. Nf3 {[%emt 0:00:04]} O-O {[%emt 0:00:13]} 6. Be2 {[%emt 0:00:03]} Nbd7 {[%emt 0:00:19]} 7. O-O {[%emt 0:00:19]} e5 {[%emt 0:00:06]} 8. Re1 {[%emt 0:00:17]} Qe7 {[%emt 0:02:26]} 9. d5 {[%emt 0:03:53]} c5 {[%emt 0:00:37]} 10. dxc6 {[%emt 0:05:41]} bxc6 {[%emt 0:00:07]} 11. b4 {[%emt 0:05:32]} Bb7 {[%emt 0:00:11]} 12. Rb1 {[%emt 0:07:38]} Rfd8 {[%emt 0:01:04]} 13. Qb3 {[%emt 0:12:19]} Nf8 {[%emt 0:04:11]} 14. b5 {[%emt 0:08:58]} cxb5 {[%emt 0:15:06]} 15. Bf1 {[%emt 0:01:02]} Rab8 {[%emt 0:09:32]} 16. cxb5 {[%emt 0:00:47]} Ne6 {[%emt 0:13:04]} 17. Ba3 {[%emt 0:02:32]} Nc5 {[%emt 0:14:00]} 18. Bxc5 {[%emt 0:01:34]} dxc5 {[%emt 0:00:05]} 19. Qa3 {[%emt 0:01:25]} Bh6 {[%emt 0:07:38]} 20. Rb2 {[%emt 0:06:20]} Qc7 {[%emt 0:02:25]} 21. Rc2 {[%emt 0:02:20]} Rbc8 {[%emt 0:09:47]} 22. Bc4 {[%emt 0:03:33]} Kg7 {[%emt 0:01:53]} 23. h3 {[%emt 0:01:59]} Rd7 {[%emt 0:03:48]} 24. Qb2 {[%emt 0:03:42]} Re8 {[%emt 0:04:11]} 25. Qa3 {[%emt 0:04:49]} Ba8 {[%emt 0:02:23]} 26. Qa4 {[%emt 0:01:17]} Qd8 {[%emt 0:01:30]} 27. Qb3 {[%emt 0:02:55]} Ree7 {[%emt 0:00:44]} 28. Qa3 {[%emt 0:02:55]} Bd2 {[%emt 0:01:55]} 29. Rxd2 {[%emt 0:02:47]} Rxd2 {[%emt 0:00:05]} 30. Nxd2 {[%emt 0:00:28]} Qxd2 {[%emt 0:00:05]} 31. Rd1 {[%emt 0:00:07]} Qg5 {[%emt 0:00:40]} 32. Bd5 {[%emt 0:04:08]} Nxd5 {[%emt 0:01:43]} 33. Nxd5 {[%emt 0:00:11]} Bxd5 {[%emt 0:00:59]} 34. Rxd5 {[%emt 0:02:02]} Qf4 {[%emt 0:00:41]} 35. Qxc5 {[%emt 0:01:52]} Qxe4 {[%emt 0:00:22]} 36. Qxe7 {[%emt 0:00:30]} Qxd5 {[%emt 0:00:08]} 37. Qxa7 {[%emt 0:00:19]} Qxb5 {[%emt 0:00:06]} 38. a4 {[%emt 0:00:07]} Qb1+ {[%emt 0:02:26]} 39. Kh2 {[%emt 0:00:09]} Qa1 {[%emt 0:00:53]} 40. a5 {[%emt 0:00:00]} e4 {[%emt 0:00:00]} 41. Qb6 {[%emt 0:11:37]} h5 {[%emt 0:08:23]} 42. h4 {[%emt 0:05:48]} Kh7 {[%emt 0:13:04]} 43. a6 {[%emt 0:03:49]} e3 {[%emt 0:01:13]} 44. fxe3 {[%emt 0:00:15]} Qe5+ {[%emt 0:00:06]} 45. Kg1 {[%emt 0:03:52]} Qa1+ {[%emt 0:06:09]} 46. Kf2 {[%emt 0:01:36]} Qa2+ {[%emt 0:00:08]} 47. Kg3 {[%emt 0:04:01]} Qe2 {[%emt 0:00:17]} 48. Kh2 {[%emt 0:00:35]} Qg4 {[%emt 0:06:04]} 49. Qd4 {[%emt 0:00:21]} Qe6 {[%emt 0:00:19]} 50. a7 {[%emt 0:00:53]} Qa6 {[%emt 0:00:59]} 51. Qc5 {[%emt 0:06:05]} Qa4 {[%emt 0:01:26]} 52. Qe7 {[%emt 0:00:29]} Kg7 {[%emt 0:01:30]} 53. e4 {[%emt 0:00:54]} Qa1 {[%emt 0:00:33]} 54. e5 {[%emt 0:03:49]} Qa5 {[%emt 0:00:04]} 55. Qb7 {[%emt 0:00:47]} Qxe5+ {[%emt 0:00:05]} 56. g3 {[%emt 0:00:04]} Qb2+ {[%emt 0:00:47]} 57. Qxb2+ {[%emt 0:00:05]} 1-0

[Event "AUT 2nd BL Mitte 2021-22"]
[Site "Austria"]
[Date "2022.03.27"]
[Round "9.24"]
[White "Wiesinger, Robert"]
[Black "Eibinger, Manuel"]
[Result "1/2-1/2"]
[WhiteElo "2200"]
[BlackElo "2024"]
[Annotator "ChessBase"]
[PlyCount "133"]
[EventDate "2021.10.21"]
[EventType "team-tourn"]
[EventCountry "AUT"]
[SourceTitle "playchess.com"]
[Source "ChessBase"]
[SourceQuality "1"]
[TimeControl "40/5400+30:1800+30"]

1. e4 {[%emt 0:00:03]} c5 {[%emt 0:00:06]} 2. Nf3 {[%emt 0:00:11]} e6 {[%emt 0:00:07]} 3. d4 {[%emt 0:00:15]} cxd4 {[%emt 0:00:10]} 4. Nxd4 {[%emt 0:00:07]} Nc6 {[%emt 0:00:08]} 5. Nc3 {[%emt 0:00:38]} Qc7 {[%emt 0:00:15]} 6. Be3 {[%emt 0:00:28]} a6 {[%emt 0:00:25]} 7. Qd2 {[%emt 0:00:14]} Nf6 {[%emt 0:00:33]} 8. O-O-O {[%emt 0:00:32]} Be7 {[%emt 0:00:27]} 9. f3 {[%emt 0:01:09]} b5 {[%emt 0:00:52]} 10. Nxc6 {[%emt 0:09:02]} dxc6 {[%emt 0:02:25]} 11. Qf2 {[%emt 0:01:14]} O-O {[%emt 0:04:09]} 12. g4 {[%emt 0:02:08]} c5 {[%emt 0:04:43]} 13. Kb1 {[%emt 0:05:03]} Bb7 {[%emt 0:03:36]} 14. g5 {[%emt 0:09:54]} Nh5 {[%emt 0:09:59]} 15. Bh3 {[%emt 0:04:18]} Rad8 {[%emt 0:05:39]} 16. Bg4 {[%emt 0:22:47]} Nf4 {[%emt 0:02:53]} 17. h4 {[%emt 0:00:24]} e5 {[%emt 0:15:59]} 18. Ne2 {[%emt 0:11:46]} Nxe2 {[%emt 0:02:36]} 19. Qxe2 {[%emt 0:00:17]} Rxd1+ {[%emt 0:00:52]} 20. Rxd1 {[%emt 0:00:27]} Rd8 {[%emt 0:00:09]} 21. Kc1 {[%emt 0:05:40]} Rxd1+ {[%emt 0:04:46]} 22. Qxd1 {[%emt 0:02:08]} Qd6 {[%emt 0:00:31]} 23. c4 {[%emt 0:05:18]} Qxd1+ {[%emt 0:09:03]} 24. Kxd1 {[%emt 0:00:02]} b4 {[%emt 0:00:16]} 25. a3 {[%emt 0:09:04]} bxa3 {[%emt 0:06:37]} 26. bxa3 {[%emt 0:00:13]} Bd6 {[%emt 0:02:16]} 27. Bd2 {[%emt 0:05:56]} Bc7 {[%emt 0:00:20]} 28. Ke2 {[%emt 0:01:04]} Kf8 {[%emt 0:00:44]} 29. Bf5 {[%emt 0:01:24]} g6 {[%emt 0:00:10]} 30. Bg4 {[%emt 0:00:11]} Ke7 {[%emt 0:01:17]} 31. Be3 {[%emt 0:01:38]} Bd6 {[%emt 0:05:28]} 32. Bf2 {[%emt 0:00:45]} Kd8 {[%emt 0:01:08]} 33. Bg3 {[%emt 0:00:32]} Ke7 {[%emt 0:02:13]} 34. Ke3 {[%emt 0:00:24]} f6 {[%emt 0:09:08]} 35. Be1 {[%emt 0:00:12]} Bc7 {[%emt 0:00:09]} 36. Bc3 {[%emt 0:00:21]} fxg5 {[%emt 0:00:47]} 37. hxg5 {[%emt 0:00:03]} Kd6 {[%emt 0:02:13]} 38. Kf2 {[%emt 0:00:48]} Bd8 {[%emt 0:00:59]} 39. Bd2 {[%emt 0:00:19]} Be7 {[%emt 0:01:43]} 40. Kg3 {[%emt 0:00:37]} Bd8 {[%emt 0:00:42]} 41. Bh3 {[%emt 0:10:03]} Be7 {[%emt 0:01:33]} 42. Bg2 {[%emt 0:05:05]} Ke6 {[%emt 0:02:45]} 43. f4 {[%emt 0:02:59]} exf4+ {[%emt 0:00:39]} 44. Bxf4 {[%emt 0:02:30]} Bd8 {[%emt 0:05:36]} 45. Bh3+ {[%emt 0:02:29]} Ke7 {[%emt 0:00:18]} 46. Kf3 {[%emt 0:00:42]} Ba5 {[%emt 0:03:51]} 47. Ke3 {[%emt 0:01:36]} Bc3 {[%emt 0:00:55]} 48. Kd3 {[%emt 0:02:10]} Bb2 {[%emt 0:01:21]} 49. a4 {[%emt 0:00:35]} Bc6 {[%emt 0:10:51]} 50. a5 {[%emt 0:00:36]} Bb7 {[%emt 0:00:06]} 51. Bg4 {[%emt 0:04:35]} Ba3 {[%emt 0:01:50]} 52. Be5 {[%emt 0:02:02]} Bb4 {[%emt 0:04:04]} 53. Bf6+ {[%emt 0:01:56]} Ke8 {[%emt 0:00:21]} 54. e5 {[%emt 0:01:19]} Bxa5 {[%emt 0:00:21]} 55. Be6 {[%emt 0:00:18]} Bd8 {[%emt 0:02:35]} 56. Bd5 {[%emt 0:00:37]} Bc8 {[%emt 0:03:34]} 57. e6 {[%emt 0:00:18]} Be7 {[%emt 0:00:53]} 58. Ke4 {[%emt 0:01:08]} a5 {[%emt 0:00:46]} 59. Ke5 {[%emt 0:00:16]} a4 {[%emt 0:00:14]} 60. Bc6+ {[%emt 0:00:13]} Kf8 {[%emt 0:00:03]} 61. Bxa4 {[%emt 0:00:23]} Bb7 {[%emt 0:00:21]} 62. Bc2 {[%emt 0:00:50]} Bc8 {[%emt 0:01:03]} 63. Be4 {[%emt 0:00:28]} Ba6 {[%emt 0:00:17]} 64. Bd5 {[%emt 0:00:14]} Bc8 {[%emt 0:00:17]} 65. Bc6 {[%emt 0:00:44]} Ba6 {[%emt 0:00:35]} 66. Bd5 {[%emt 0:01:08]} Bc8 {[%emt 0:00:06]} 67. Bc6 1/2-1/2

[Event "AUT 2nd BL Mitte 2021-22"]
[Site "Austria"]
[Date "2022.03.27"]
[Round "9.25"]
[White "Alekseenko, Kirill"]
[Black "Perunovic, Milos"]
[Result "0-1"]
[WhiteElo "2702"]
[BlackElo "2539"]
[Annotator "TA"]
[PlyCount "74"]
[EventDate "2021.10.21"]
[EventType "team-tourn"]
[EventCountry "AUT"]
[SourceTitle "playchess.com"]
[Source "ChessBase"]
[SourceQuality "1"]

{[%evp 9,74,18,14,9,6,0,2,-7,15,5,10,11,14,10,14,-9,-6,-14,0,-19,0,0,-9,-13,0,-10,0,-17,-22,-7,-20,-37,-25,-25,-10,-86,-32,-75,-90,-177,-180,-170,-170,-182,-67,-98,-71,-99,-79,-132,-87,-84,-74,-45,0,0,0,-71,-29,-879,-260,-29996,-29996,-29996,-29997,-29997,-29998]} 1. e4 c5 2. Nf3 Nc6 3. Bb5 g6 4. Bxc6 bxc6 {[%cal Bb7c6,Bc6c5][%mdl 32]} 5. d4 cxd4 6. Qxd4 {B31: Sicilian: 2...Nc6 3 Bb5 g6.} f6 $1 {[#] 6...f6 is better than 6...Nf6.} 7. Be3 $146 ({Predecessor:} 7. Qa4 Qb6 8. c4 Qa6 9. Qc2 d5 10. cxd5 cxd5 11. exd5 Bf5 12. Qe2 Bd3 13. Qe6 Qxe6+ 14. dxe6 {½-½ (46) Robson,R (2669)-Lenderman,A (2607) Saint Louis 2021}) 7... Nh6 8. c4 {The position is equal.} d6 9. Nc3 c5 10. Qd2 Nf7 11. O-O Bg7 12. b4 cxb4 13. Nd5 e6 14. Nxb4 Bb7 15. Nd4 Qd7 16. f3 O-O 17. Nd3 Rac8 18. Rfc1 f5 19. exf5 exf5 20. Rab1 Rfe8 21. Nb3 Ba6 22. Na5 (22. c5 $11 {remains equal.}) 22... Qa4 ({Black should try} 22... Qc7 $17 {[%cal Oe8e3]} 23. Kh1 Rxe3 $1 {[%mdl 512]} 24. Qxe3 Qxa5 25. Qxa7 Bc3 26. Rxc3 Qxc3 27. Qxa6 Rxc4) 23. Bxa7 (23. Bf2 $1 $15) 23... Bxc4 $17 {This bishop pair is nice.} 24. Nb2 (24. Rxc4 $17 Rxc4 25. Nxc4 Qxa7+ 26. Kh1) 24... Qd7 $19 25. Nbxc4 Qxa7+ 26. Kh1 Rc7 {Prevents Nb7.} ({Black should play} 26... Bh6 $1 $19 {[%cal Rh6d2]} 27. f4 Re4) 27. Re1 Rxe1+ 28. Qxe1 {Black must now prevent Qe8+.} h5 29. h3 (29. a4 $142) 29... Kh7 (29... d5 $142 30. Na3 Bc3) 30. Qd2 $17 Qc5 {...d5 is the strong threat.} 31. a4 Ne5 (31... Re7 $15 {feels stronger.}) 32. Rb5 $11 Qa7 $36 {[%mdl 2048] Black is pushing.} 33. Nxd6 {[#]} (33. Nb6 $1 $11) 33... Nd3 (33... Bh6 $1 $17 {[%cal Rh6d2]} 34. f4 Nd3 $1) 34. Kh2 $2 {[%mdl 8192] [#] This costs White the game.} (34. Qxd3 {gets mated.} Rc1+) (34. Rb7 $11 Rxb7 35. Ndxb7 Nf2+ 36. Kh2) 34... Rc1 $2 35. Qxd3 (35. Nxf5 $19 Qc7+ 36. f4 gxf5 37. Rxf5 Nxf4 38. Rf7 (38. Qxf4 $2 Qxf4+ 39. Rxf4 Be5 $19) 38... Qxf7 39. Qxc1) 35... Qg1+ {Black mates.} 36. Kg3 Qe1+ 37. Kh2 h4 {Weighted Error Value: White=0.48/Black=0.37} 0-1

[Event "AUT 2nd BL Mitte 2021-22"]
[Site "Austria"]
[Date "2022.03.27"]
[Round "9.26"]
[White "Ftacnik, Lubomir"]
[Black "Naiditsch, Arkadij"]
[Result "0-1"]
[WhiteElo "2508"]
[BlackElo "2648"]
[Annotator "TA"]
[PlyCount "66"]
[EventDate "2021.10.21"]
[EventType "team-tourn"]
[EventCountry "AUT"]
[SourceTitle "playchess.com"]
[Source "ChessBase"]
[SourceQuality "1"]

{[%evp 19,66,46,60,43,52,25,48,50,41,58,60,58,32,0,0,0,0,-8,0,-117,-119,-119,-119,-122,-111,-149,-166,-175,-176,-163,-165,-182,-196,-189,-181,-251,-250,-243,-236,-622,-621,-603,-621,-621,-621,-678,-674,-623,-613]} 1. Nf3 Nf6 2. c4 g6 3. d4 Bg7 4. g3 O-O 5. Bg2 d6 6. Nc3 Nbd7 7. O-O e5 8. e4 Re8 9. Be3 a6 $5 {[%mdl 4] A promising side line.} 10. h3 c6 11. dxe5 {E69: King's Indian: Fianchetto: 6...Nbd7 7 0-0 e5 8 e4 c6 9 h3.} dxe5 12. c5 Bf8 13. b4 {White is slightly better.} a5 14. a3 b6 {[%cal Rb6c5]} 15. cxb6 Ba6 16. bxa5 {Strongly threatening Qb3.} (16. b5 $5 cxb5 17. Nd5 $14) 16... Bxf1 17. Bxf1 ({Don't play} 17. Kxf1 Rxa5 18. Kg1 Bc5 19. Bxc5 Rxc5 $17) 17... Rxa5 18. Bc4 {Black must now prevent Ng5.} Bc5 $1 {[#] ...Bxe3 is the strong threat.} 19. Qb3 $146 {[#]} (19. Ng5 $1 $11 Re7 20. b7) ({Predecessor:} 19. Bxc5 Rxc5 20. Qb3 Kg7 21. Na4 Ra5 22. Bxf7 Re7 23. Bc4 Nxe4 24. Qb4 Rxa4 25. Qxa4 Qxb6 {0-1 (47) Lanzani,M (2250)-Nurkic,S (2380) Genova 1986}) 19... Kg7 $1 $17 {Threatens to win with ...Bxe3.} 20. Bxf7 {[#]} Re7 {Chess con chili.} 21. Bxc5 Rxc5 22. Ng5 {And now b7 would win.} Qxb6 23. Na4 Qxb3 24. Bxb3 Ra5 25. Rd1 Nf8 26. Rc1 Rb7 27. Nc5 {[#]} (27. Bd1 $142) 27... Rxc5 $1 $19 {[%mdl 512]} 28. Rxc5 {aiming for Bc2.} Rxb3 29. Rxe5 $2 (29. Rxc6 Rxa3 30. Kg2) 29... N6d7 {Black is clearly winning.} 30. Re8 h6 31. Ne6+ Kf7 32. Nc7 Rb7 33. Rc8 Nb6 {Black took control after the opening.  Weighted Error Value: White=0.42/Black=0.02 (flawless)} 0-1

[Event "AUT 2nd BL Mitte 2021-22"]
[Site "Austria"]
[Date "2022.03.27"]
[Round "9.27"]
[White "Bacrot, Etienne"]
[Black "Tadic, Branko"]
[Result "1/2-1/2"]
[WhiteElo "2642"]
[BlackElo "2457"]
[Annotator "TA"]
[PlyCount "51"]
[EventDate "2021.10.21"]
[EventType "team-tourn"]
[EventCountry "AUT"]
[SourceTitle "playchess.com"]
[Source "ChessBase"]
[SourceQuality "1"]

{[%evp 14,51,41,38,67,68,66,58,70,39,35,24,47,50,41,34,50,45,39,38,42,25,24,8,30,25,38,39,39,39,39,38,40,0,38,0,39,0,47,0]} 1. e4 d6 2. d4 Nf6 3. Nc3 e5 4. dxe5 dxe5 5. Qxd8+ Kxd8 6. Bc4 Be6 7. Bxe6 fxe6 8. f3 $1 {The main line 8.f3 scores better than 8.Be3.} Nbd7 {B07: Pirc Defence: Miscellaneous Systems.} 9. Nh3 {[%cal Bg1h3,Bh3f2,Bf2d3][%mdl 32]} Bd6 10. b3 {[#]} a6 $146 ({Predecessor:} 10... Ke7 11. Nf2 a6 12. Bb2 Nh5 13. Ncd1 Nf4 14. g3 Ng6 15. Nd3 h5 16. h4 Raf8 {1-0 (38) Milu,R (2241)-Suciu,D (2430) Tusnad 2004}) 11. Bb2 Ke7 {[%cal Og7g5]} 12. Nd1 b5 {[%cal Og7g5]} 13. Nhf2 c5 14. c4 bxc4 15. bxc4 Nb8 16. Nd3 Nc6 17. Kd2 Rab8 18. Ne3 Nd7 19. Bc3 Rb7 20. Rab1 Rhb8 21. Rxb7 Rxb7 22. Ke2 Rb8 23. Kd2 Rb7 24. Ke2 Rb8 25. Kd2 Rb7 26. Ke2 {Weighted Error Value: White=0.12 (very precise) /Black=0.06 (flawless)} (26. Rc1 $14) 1/2-1/2